ბათუმის შოთა რუსთაველის სახელმწიფო უნივერსიტეტის ბიბლიოთეკა

История и нумизматика Чача : (ბიბ.ჩანაწერი № 61461)

000 -LEADER
fixed length control field 00631nam a22001697a 4500
005 - DATE AND TIME OF LATEST TRANSACTION
control field 20240315155313.0
008 - FIXED-LENGTH DATA ELEMENTS--GENERAL INFORMATION
fixed length control field 240315s2006 ru ||||| |||| 00| 0 rus d
041 ## - LANGUAGE CODE
Language code of text/sound track or separate title rus
080 ## - UNIVERSAL DECIMAL CLASSIFICATION NUMBER
Universal Decimal Classification number 737.575.1 P-82
100 ## - MAIN ENTRY--PERSONAL NAME
Personal name Ртвеладзе, Э.В.
9 (RLIN) 20918
245 ## - TITLE STATEMENT
Title История и нумизматика Чача :
Remainder of title (Вторая половина III — середина VIII в. н. э.) /
Statement of responsibility, etc. Э.В. Ртвеладзе.
264 ## - PRODUCTION, PUBLICATION, DISTRIBUTION, MANUFACTURE, AND COPYRIGHT NOTICE
Place of production, publication, distribution, manufacture Ташкент,
Date of production, publication, distribution, manufacture, or copyright notice 2006.
300 ## - PHYSICAL DESCRIPTION
Extent 132 с. :
Other physical details ил.;
Dimensions 20 см.
521 ## - TARGET AUDIENCE NOTE
Target audience note პარალ სათ. ინგლ. ენაზე
653 ## - INDEX TERM--UNCONTROLLED
keyword ისტორია
942 ## - ADDED ENTRY ELEMENTS (KOHA)
Source of classification or shelving scheme
Koha item type წიგნი
ეგზემპლარები
Withdrawn status Lost status Source of classification or shelving scheme Damaged status Not for loan Permanent Location Current Location Shelving location Date acquired Cost, normal purchase price Full call number Barcode Date last seen Copy number Uniform Resource Identifier Price effective from Koha item type Public note
          ბათუმის შოთა რუსთაველის სახელმწიფო უნივერსიტეტის მთავარი ბიბლიოთეკა ბათუმის შოთა რუსთაველის სახელმწიფო უნივერსიტეტის მთავარი ბიბლიოთეკა წიგნსაცავი 2024-03-15 6.00 737.575.1 P-82 65798 2024-03-15 65798 ბსუ-ს საპატიო დოქტორის გურამ ლორთქიფანიძის საჩუქარი 2024-03-15 წიგნი 6 ლ.